[Event "Dortmund Sparkassen op-A 51st"]
[Site "Dortmund"]
[Date "2024.08.16"]
[Round "7"]
[White "Christodoulaki, Antonia"]
[Black "Mainka, Gregor"]
[Result "0-1"]
[WhiteElo "1994"]
[BlackElo "2210"]
[PlyCount "92"]
[EventDate "2024.08.10"]
[EventType "swiss"]
[EventRounds "9"]
[EventCountry "GER"]
[SourceTitle "CBM 221 Extra"]
[Source "ChessBase"]
[SourceDate "2024.09.30"]
[SourceVersion "1"]
[SourceVersionDate "2024.09.30"]
[SourceQuality "1"]

1. e4 e6 2. d4 d5 3. exd5 exd5 4. Nf3 Bd6 5. Bd3 Bg4 6. h3 Bh5 7. 0-0 Ne7 8. Re1 Nbc6 9. c3 Qd7 10. Nbd2 f6 11. Qc2 0-0-0 12. b4 Rde8 13. Nh4 g5 14. Nf5 Nxf5 15. Rxe8+ Qxe8 16. Bxf5+ Kb8 17. Bb2 Bg6 18. Bd3 Ne7 19. Re1 Qd7 20. Nf1 c6 21. Bc1 Rg8 22. Qe2 Bxd3 23. Qxd3 g4 24. Qxh7 gxh3 25. g3 Qg4 26. Nh2 Qg7 27. Qxg7 Rxg7 28. Re6 Nf5 29. Rxf6 Nxg3 30. fxg3 Rxg3+ 31. Kf1 Rxc3 32. Bf4 Bxf4 33. Rxf4 Rc1+ 34. Kf2 Rc2+ 35. Kg3 Rxa2 36. Rf2 Rxf2 37. Kxf2 Kc7 38. b5 cxb5 39. Kg3 b4 40. Kxh3 b3 41. Nf3 a5 42. Nd2 a4 43. Kg3 Kb6 44. Kf4 Kb5 45. Ke5 Kb4 46. Kxd5 a3 0-1

[Event "Dortmund Sparkassen op-A 51st"]
[Site "Dortmund"]
[Date "2024.08.14"]
[Round "5"]
[White "Ranieri, Pierpaolo"]
[Black "Mainka, Gregor"]
[Result "0-1"]
[WhiteElo "1909"]
[BlackElo "2210"]
[PlyCount "74"]
[EventDate "2024.08.10"]
[EventType "swiss"]
[EventRounds "9"]
[EventCountry "GER"]
[SourceTitle "CBM 221 Extra"]
[Source "ChessBase"]
[SourceDate "2024.09.30"]
[SourceVersion "1"]
[SourceVersionDate "2024.09.30"]
[SourceQuality "1"]

1. d4 e6 2. c4 d5 3. Nf3 c6 4. c5 b6 5. cxb6 c5 6. Qb3 Bb7 7. Bf4 c4 8. Qc2 Qxb6 9. e3 Nf6 10. Be2 Nbd7 11. Nc3 Be7 12. h3 0-0 13. 0-0 Rfc8 14. Rab1 Bd6 15. Bxd6 Qxd6 16. Rfc1 Rc7 17. Rd1 Rac8 18. Rdc1 h6 19. Ra1 Nh7 20. Rd1 f5 21. Rac1 g5 22. g4 Rf8 23. Rf1 Kg7 24. Nh2 f4 25. Nf3 fxe3 26. h4 gxh4 27. Nxh4 exf2+ 28. Kg2 Rf6 29. Bf3 Qf4 30. Ne2 Qg5 31. Kg3 Rc8 32. Ng2 Rcf8 33. Rxf2 h5 34. Rh1 Rxf3+ 35. Rxf3 Qxg4+ 36. Kh2 Rxf3 37. Ngf4 Rf2+ 0-1

[Event "Ruhrgebiet Verbandsklasse Gruppe 1 1819"]
[Site "Nordrheinwestfalen"]
[Date "2019.03.10"]
[Round "7.1"]
[White "Mainka, Gregor"]
[Black "Landscheidt, Heinz"]
[Result "1/2-1/2"]
[WhiteElo "2187"]
[BlackElo "1848"]
[PlyCount "32"]
[EventDate "2018.09.23"]
[EventType "team-tourn"]
[EventRounds "9"]
[EventCountry "GER"]
[SourceTitle "EXT 2022"]
[Source "ChessBase"]
[SourceDate "2021.10.06"]
[SourceVersion "1"]
[SourceVersionDate "2021.10.06"]
[SourceQuality "1"]
[WhiteTeam "Annen Sport Union"]
[BlackTeam "Bergeborbeck Wacker"]
[WhiteTeamCountry "GER"]
[BlackTeamCountry "GER"]

1. c4 e5 2. Nc3 f5 3. d4 exd4 4. Qxd4 Nc6 5. Qe3+ Qe7 6. Nd5 Qxe3 7. Bxe3 Bb4+ 8. Bd2 Bxd2+ 9. Kxd2 Kd8 10. Nh3 d6 11. Rc1 Ne5 12. e3 c6 13. Nc3 Nf6 14. f3 Ke7 15. b3 Be6 16. Be2 Rhd8 1/2-1/2

[Event "Ruhrgebiet Verbandsklasse Gruppe 1 1819"]
[Site "Nordrheinwestfalen"]
[Date "2019.01.20"]
[Round "5.1"]
[White "Mainka, Gregor"]
[Black "Leveikina, Jevgenija"]
[Result "1-0"]
[WhiteElo "2187"]
[BlackElo "2035"]
[PlyCount "65"]
[EventDate "2018.09.23"]
[EventType "team-tourn"]
[EventRounds "9"]
[EventCountry "GER"]
[SourceTitle "EXT 2022"]
[Source "ChessBase"]
[SourceDate "2021.10.06"]
[SourceVersion "1"]
[SourceVersionDate "2021.10.06"]
[SourceQuality "1"]
[WhiteTeam "Annen Sport Union"]
[BlackTeam "Wattenscheid SV III"]
[WhiteTeamCountry "GER"]
[BlackTeamCountry "GER"]

1. Nf3 d5 2. e3 Nf6 3. c4 c6 4. Nc3 e6 5. b3 Nbd7 6. Be2 Bd6 7. 0-0 0-0 8. d4 dxc4 9. bxc4 e5 10. Qb3 exd4 11. exd4 Qc7 12. c5 Bf4 13. Bxf4 Qxf4 14. g3 Qf5 15. Rfe1 b6 16. Nh4 Qh3 17. Bf1 Qg4 18. cxb6 Nxb6 19. Rad1 Be6 20. Qa3 Nc4 21. Qc1 Bd5 22. h3 Qd7 23. Na4 Nd6 24. Nc5 Qd8 25. a4 Rb8 26. Bg2 Rb4 27. Qd2 a5 28. Bxd5 cxd5 29. Qf4 Nde4 30. Nf5 Nxc5 31. Qg5 Nh5 32. Nh6+ Kh8 33. Nxf7+ 1-0

[Event "Ruhrgebiet Verbandsklasse Gruppe 1 1819"]
[Site "Nordrheinwestfalen"]
[Date "2018.10.07"]
[Round "2.1"]
[White "Mainka, Gregor"]
[Black "Freisen, Thomas"]
[Result "1/2-1/2"]
[WhiteElo "2187"]
[BlackElo "1973"]
[PlyCount "40"]
[EventDate "2018.09.23"]
[EventType "team-tourn"]
[EventRounds "9"]
[EventCountry "GER"]
[SourceTitle "EXT 2022"]
[Source "ChessBase"]
[SourceDate "2021.10.06"]
[SourceVersion "1"]
[SourceVersionDate "2021.10.06"]
[SourceQuality "1"]
[WhiteTeam "Annen Sport Union"]
[BlackTeam "Guennigfeld SV"]
[WhiteTeamCountry "GER"]
[BlackTeamCountry "GER"]

1. Nf3 Nf6 2. g3 g6 3. b3 Bg7 4. Bb2 0-0 5. Bg2 c5 6. c4 d5 7. cxd5 Nxd5 8. Bxg7 Kxg7 9. Qc1 Qd6 10. Na3 Na6 11. 0-0 Rd8 12. Nc4 Qf6 13. Rd1 Bg4 14. Nce5 Bxf3 15. Nxf3 Rac8 16. Qc4 Nb8 17. Rac1 Rc7 18. d3 b6 19. e4 Nb4 20. a3 N4c6 1/2-1/2

[Event "Ruhrgebiet Verbandsklasse Gruppe 2 1617"]
[Site "Germany"]
[Date "2017.03.12"]
[Round "8.2"]
[White "Mainka, Gregor"]
[Black "Khasin, Abram Iosifovich"]
[Result "1-0"]
[WhiteElo "2186"]
[BlackElo "2064"]
[PlyCount "93"]
[EventDate "2016.09.04"]
[EventType "team-tourn"]
[EventRounds "9"]
[EventCountry "GER"]
[SourceTitle "EXT 2022"]
[Source "ChessBase"]
[SourceDate "2021.10.06"]
[SourceVersion "1"]
[SourceVersionDate "2021.10.06"]
[SourceQuality "1"]
[WhiteTeam "Annen Sport Union"]
[BlackTeam "Ruettenscheid Rochade"]
[WhiteTeamCountry "GER"]
[BlackTeamCountry "GER"]

1. Nf3 d5 2. e3 g6 3. c4 Nf6 4. d4 Bg7 5. Nc3 0-0 6. Be2 dxc4 7. Bxc4 c5 8. 0-0 cxd4 9. exd4 Bg4 10. Be3 Nc6 11. h3 Bxf3 12. Qxf3 Nxd4 13. Qxb7 Nc2 14. Rad1 Qc8 15. Qxc8 Rfxc8 16. Bb3 Nxe3 17. fxe3 e6 18. Rf2 Rc7 19. Rdf1 Ne8 20. Ne4 Rb8 21. Rd2 Bh6 22. Kf2 Kf8 23. Kf3 Ke7 24. h4 Ng7 25. g4 f5 26. Ng5 fxg4+ 27. Kxg4 Nf5 28. Rd3 Bxg5 29. hxg5 Rd7 30. Rxd7+ Kxd7 31. Rh1 Nxe3+ 32. Kf4 Nf5 33. Ke5 Kc6 34. Rxh7 a5 35. Kxe6 Kc5 36. Rc7+ Kd4 37. Rc4+ Ke3 38. Rc5 a4 39. Bxa4 Rxb2 40. Bb3 Rf2 41. Ke5 Kd3 42. Bc4+ Ke3 43. Rd5 Rc2 44. Rd3+ Kf2 45. Bb3 Rc8 46. Be6 Nh4 47. Bxc8 1-0

[Event "Ruhrgebiet Verbandsklasse Gruppe 2 1617"]
[Site "Germany"]
[Date "2017.02.19"]
[Round "7.2"]
[White "Mainka, Gregor"]
[Black "Drewes, Martin"]
[Result "1-0"]
[WhiteElo "2186"]
[BlackElo "1938"]
[PlyCount "87"]
[EventDate "2016.09.04"]
[EventType "team-tourn"]
[EventRounds "9"]
[EventCountry "GER"]
[SourceTitle "EXT 2022"]
[Source "ChessBase"]
[SourceDate "2021.10.06"]
[SourceVersion "1"]
[SourceVersionDate "2021.10.06"]
[SourceQuality "1"]
[WhiteTeam "Annen Sport Union"]
[BlackTeam "Waltrop SV"]
[WhiteTeamCountry "GER"]
[BlackTeamCountry "GER"]

1. Nf3 Nf6 2. c4 c5 3. g3 d5 4. cxd5 Nxd5 5. Bg2 Nc6 6. d4 Nc7 7. Qa4 e6 8. dxc5 Bxc5 9. Ne5 0-0 10. Nxc6 bxc6 11. Qxc6 Bb6 12. Nc3 Ba6 13. 0-0 Rb8 14. Bf4 Bb7 15. Qd6 Bxg2 16. Kxg2 Qc8 17. Qc6 Qb7 18. Qxb7 Rxb7 19. Rac1 Bd4 20. b3 Na6 21. Rfd1 Bb6 22. Na4 Ba5 23. Rc4 h6 24. Rd6 Nb4 25. Bd2 Rb5 26. a3 Nd5 27. b4 Bc7 28. Ra6 Bb8 29. e4 Nf6 30. Nc5 Rd8 31. Bf4 e5 32. Be3 Rc8 33. Kf3 Rb6 34. Ra5 Rd6 35. Rc2 Rd1 36. Rd2 Ra1 37. Na6 g5 38. h3 Kg7 39. Nxb8 Rxb8 40. Rxa7 Rc8 41. b5 Rc4 42. Rb2 Nxe4 43. b6 Nc3 44. b7 1-0

[Event "Ruhrgebiet Verbandsklasse Gruppe 2 1617"]
[Site "Germany"]
[Date "2016.11.27"]
[Round "4.1"]
[White "Mainka, Gregor"]
[Black "Beckmann, Klaus"]
[Result "0-1"]
[WhiteElo "2186"]
[BlackElo "2167"]
[PlyCount "38"]
[EventDate "2016.09.04"]
[EventType "team-tourn"]
[EventRounds "9"]
[EventCountry "GER"]
[SourceTitle "EXT 2022"]
[Source "ChessBase"]
[SourceDate "2021.10.06"]
[SourceVersion "1"]
[SourceVersionDate "2021.10.06"]
[SourceQuality "1"]
[WhiteTeam "Annen Sport Union"]
[BlackTeam "Recklinghausen Sued"]
[WhiteTeamCountry "GER"]
[BlackTeamCountry "GER"]

1. g3 d5 2. Bg2 e5 3. d3 Nc6 4. c3 a5 5. Nf3 Nf6 6. 0-0 g6 7. Bg5 Bg7 8. d4 exd4 9. cxd4 h6 10. Bxf6 Bxf6 11. Nc3 0-0 12. e3 Bg7 13. Qb3 Ne7 14. Ne5 c6 15. Na4 Nf5 16. Nb6 Rb8 17. Rac1 Be6 18. Nd3 Bxd4 19. Nxd5 Bg7 0-1

[Event "Ruhrgebiet Verbandsklasse Gruppe 2 1617"]
[Site "Germany"]
[Date "2016.10.30"]
[Round "3.1"]
[White "Groenke, Klaus"]
[Black "Mainka, Gregor"]
[Result "0-1"]
[WhiteElo "1896"]
[BlackElo "2186"]
[PlyCount "56"]
[EventDate "2016.09.04"]
[EventType "team-tourn"]
[EventRounds "9"]
[EventCountry "GER"]
[SourceTitle "EXT 2022"]
[Source "ChessBase"]
[SourceDate "2021.10.06"]
[SourceVersion "1"]
[SourceVersionDate "2021.10.06"]
[SourceQuality "1"]
[WhiteTeam "Schueren"]
[BlackTeam "Annen Sport Union"]
[WhiteTeamCountry "GER"]
[BlackTeamCountry "GER"]

1. Nf3 b6 2. g3 Bb7 3. Bg2 g6 4. c4 Bg7 5. Nc3 c5 6. b3 Nc6 7. 0-0 Nh6 8. Bb2 Nf5 9. d3 h5 10. Qd2 d6 11. Nb5 e5 12. e3 h4 13. g4 h3 14. Bh1 Nfe7 15. d4 Qd7 16. Rfd1 a6 17. dxe5 Qxg4+ 18. Kf1 axb5 19. exd6 Nf5 20. Bxg7 Nxg7 21. d7+ Kd8 22. cxb5 Nd4 23. exd4 Bxf3 24. Bxf3 Qxf3 25. dxc5 Ne6 26. Qd6 bxc5 27. a4 Rh4 28. Qe5 Qg2+ 0-1

[Event "Ruhrgebiet Verbandsklasse Gruppe 3 1516"]
[Site "Germany"]
[Date "2016.01.24"]
[Round "6.8"]
[White "Mainka, Gregor"]
[Black "Kueper, Peter"]
[Result "0-1"]
[WhiteElo "2218"]
[BlackElo "1863"]
[PlyCount "40"]
[EventDate "2015.09.06"]
[EventType "team-tourn"]
[EventRounds "9"]
[EventCountry "GER"]
[SourceTitle "EXT 2022"]
[Source "ChessBase"]
[SourceDate "2021.10.06"]
[SourceVersion "1"]
[SourceVersionDate "2021.10.06"]
[SourceQuality "1"]
[WhiteTeam "Annen Sport Union"]
[BlackTeam "Kirchhellen SF"]
[WhiteTeamCountry "GER"]
[BlackTeamCountry "GER"]

1. c4 e5 2. e3 Nf6 3. Be2 Be7 4. Nc3 d5 5. cxd5 Nxd5 6. Nf3 Nxc3 7. bxc3 Qd5 8. d3 0-0 9. Qc2 b6 10. 0-0 Bb7 11. Bb2 Nc6 12. c4 Qd6 13. a3 Bf6 14. Nd2 Be7 15. Rad1 Rfe8 16. Ne4 Qe6 17. d4 exd4 18. exd4 Bxa3 19. d5 Qxe4 20. Bd3 Nb4 0-1

[Event "BL2-West 0607"]
[Site "Germany"]
[Date "2006.10.29"]
[Round "2.6"]
[White "Mainka, Gregor"]
[Black "Matthaei, Alexander"]
[Result "1-0"]
[WhiteElo "2327"]
[BlackElo "2358"]
[PlyCount "61"]
[EventDate "2006.10.15"]
[EventType "team-tourn"]
[EventRounds "9"]
[EventCountry "GER"]
[SourceTitle "EXT 2007"]
[Source "ChessBase"]
[SourceDate "2006.11.23"]
[SourceVersion "1"]
[SourceVersionDate "2006.11.23"]
[SourceQuality "1"]
[WhiteTeam "Dortmund Hansa"]
[BlackTeam "Koeln Porz II"]
[WhiteTeamCountry "GER"]
[BlackTeamCountry "GER"]

1. Nf3 d5 2. g3 Nf6 3. Bg2 c6 4. 0-0 Bf5 5. c4 e6 6. cxd5 exd5 7. d3 Be7 8. Nc3 0-0 9. Qb3 Qb6 10. Qc2 Nbd7 11. e4 dxe4 12. dxe4 Bg4 13. Be3 Qa5 14. Nd4 Ne5 15. h3 Bd7 16. f4 Nc4 17. Bf2 Rfd8 18. Rfd1 Be8 19. e5 Nd7 20. Bf1 Qa6 21. a4 c5 22. Nd5 cxd4 23. Nxe7+ Kf8 24. Bxc4 Qh6 25. Nf5 Qxh3 26. Nxd4 Rac8 27. Qe2 Nb6 28. Bb5 Nd5 29. Bxe8 Rxe8 30. Nb5 Rcd8 31. Qf3 1-0

[Event "NRW Class1 0506"]
[Site "Germany"]
[Date "2005.12.04"]
[Round "4.1"]
[White "Schmidt, Bodo"]
[Black "Mainka, Gregor"]
[Result "0-1"]
[WhiteElo "2332"]
[BlackElo "2318"]
[PlyCount "96"]
[EventDate "2005.09.25"]
[EventType "team-tourn"]
[EventRounds "9"]
[EventCountry "GER"]
[SourceTitle "EXT 2006"]
[Source "ChessBase"]
[SourceDate "2005.11.24"]
[SourceVersion "1"]
[SourceVersionDate "2005.11.24"]
[SourceQuality "1"]
[WhiteTeam "Godesberg II"]
[BlackTeam "Brackel"]
[WhiteTeamCountry "GER"]
[BlackTeamCountry "GER"]

1. d4 e6 2. c4 Nf6 3. Nc3 Bb4 4. e3 d5 5. Nf3 0-0 6. a3 Bxc3+ 7. bxc3 c5 8. Bd2 Nc6 9. Be2 Qe7 10. 0-0 Rd8 11. Qc2 b6 12. Ne5 Nxe5 13. dxe5 Nd7 14. cxd5 exd5 15. f4 f6 16. Bf3 Bb7 17. c4 fxe5 18. cxd5 e4 19. Qxe4 Qxe4 20. Bxe4 Nf6 21. Bf3 Bxd5 22. Bc3 Bxf3 23. Bxf6 gxf6 24. gxf3 Rd2 25. Rf2 Rad8 26. f5 Kf7 27. Ra2 Rd1+ 28. Rf1 R1d2 29. Rf2 R2d3 30. e4 R8d4 31. a4 Ke7 32. Kg2 Kd6 33. Rfe2 Ke5 34. Kg3 Rb4 35. Rad2 Rbd4 36. Rxd3 Rxd3 37. Kg4 h5+ 38. Kg3 c4 39. Rb2 Kd4 40. Kf4 c3 41. Rg2 Rd2 42. Rg8 c2 43. Rc8 Rxh2 44. Kg3 Re2 45. Kh4 a6 46. Kxh5 b5 47. axb5 axb5 48. Kg6 b4 0-1

[Event "NRW Class1 0405"]
[Site "Germany"]
[Date "2005.04.24"]
[Round "9.2"]
[White "Mainka, Gregor"]
[Black "Lanc, Alois"]
[Result "0-1"]
[WhiteElo "2342"]
[BlackElo "2410"]
[PlyCount "98"]
[EventDate "2004.10.10"]
[EventType "team-tourn"]
[EventRounds "9"]
[EventCountry "GER"]
[SourceTitle "EXT 2006"]
[Source "ChessBase"]
[SourceDate "2005.11.24"]
[SourceVersion "1"]
[SourceVersionDate "2005.11.24"]
[SourceQuality "1"]
[WhiteTeam "Brackel"]
[BlackTeam "Lippstadt Turm"]
[WhiteTeamCountry "GER"]
[BlackTeamCountry "GER"]

1. Nf3 d5 2. g3 Nf6 3. Bg2 Bf5 4. c4 e6 5. cxd5 exd5 6. 0-0 c6 7. d3 Be7 8. Nc3 0-0 9. Qb3 Na6 10. Be3 Qc8 11. Rac1 Nc7 12. h3 Bd6 13. Bd4 Nd7 14. e4 Be6 15. exd5 Bxd5 16. Nxd5 Nxd5 17. Nd2 N7f6 18. Nc4 Bc7 19. Rfe1 h5 20. Qd1 Qf5 21. Bxf6 Nxf6 22. Qb3 Rab8 23. Re7 Ne8 24. h4 Qc5 25. Qa3 Bb6 26. Qxc5 Bxc5 27. Re5 Bd4 28. Rxh5 Nf6 29. Rf5 Rfe8 30. Bf3 Re6 31. Kf1 Rbe8 32. Rf4 Rd8 33. Na5 Bxb2 34. Rc2 Be5 35. Rb4 Rxd3 36. Be2 Rc3 37. Rd2 b6 38. Nc4 Bc7 39. a4 Nd5 40. Rbb2 Rxe2 41. Rxe2 Rxc4 42. Rec2 Rxa4 43. Rxc6 Rd4 44. Ke2 Kf8 45. Rd2 Rxd2+ 46. Kxd2 Ke7 47. h5 Bd6 48. Rc8 Nf6 49. Rh8 a5 0-1

[Event "FRA-chT2 0304"]
[Site "France"]
[Date "2003.11.16"]
[Round "3"]
[White "Mainka, Gregor"]
[Black "Hoffmann, Regis"]
[Result "1-0"]
[WhiteElo "2342"]
[BlackElo "2176"]
[PlyCount "81"]
[EventDate "2003.10.??"]
[EventType "team-tourn"]
[EventRounds "11"]
[EventCountry "FRA"]
[SourceTitle "EXT 2005"]
[Source "ChessBase"]
[SourceDate "2004.11.15"]
[SourceVersion "1"]
[SourceVersionDate "2004.11.15"]
[SourceQuality "1"]
[WhiteTeam "Reims"]
[BlackTeam "Bischwiller II"]
[WhiteTeamCountry "FRA"]
[BlackTeamCountry "FRA"]

1. Nf3 g6 2. e4 Bg7 3. d4 d6 4. c3 c6 5. Be2 Nf6 6. Qc2 0-0 7. 0-0 Nbd7 8. Re1 e5 9. Bg5 h6 10. Bh4 Qc7 11. Nbd2 Re8 12. a4 Nh5 13. a5 Nf4 14. Bf1 Nf8 15. Nc4 g5 16. Bg3 Bg4 17. dxe5 dxe5 18. Nfd2 Rad8 19. f3 Be6 20. Bf2 c5 21. Ne3 N8g6 22. Red1 Ne7 23. Bc4 Bxc4 24. Ndxc4 b5 25. axb6 axb6 26. Qb3 Rxd1+ 27. Rxd1 Rb8 28. Qb5 Qc6 29. Qxc6 Nxc6 30. Rd6 b5 31. Rxc6 bxc4 32. Nxc4 Nd3 33. Bxc5 Nxb2 34. Bd6 Rb3 35. Nxb2 Rxb2 36. c4 Bf6 37. c5 Kg7 38. Rb6 Rc2 39. c6 Rc1+ 40. Kf2 Rc2+ 41. Kg3 1-0

[Event "Muensterland op 20th"]
[Site "Senden"]
[Date "2002.10.17"]
[Round "8"]
[White "Fridman, Daniel"]
[Black "Mainka, Gregor"]
[Result "1-0"]
[WhiteElo "2572"]
[BlackElo "2319"]
[PlyCount "49"]
[EventDate "2002.10.12"]
[EventType "swiss"]
[EventRounds "9"]
[EventCountry "GER"]
[SourceTitle "CBM 090 Extra"]
[Source "ChessBase"]
[SourceDate "2002.11.07"]
[SourceVersion "1"]
[SourceVersionDate "2002.11.07"]
[SourceQuality "1"]

1. Nf3 b6 2. g3 Bb7 3. Bg2 g6 4. 0-0 Bg7 5. d4 Nf6 6. c4 0-0 7. d5 Ne4 8. Qc2 f5 9. Nbd2 Nd6 10. e4 c6 11. Rd1 cxd5 12. exd5 Na6 13. Rb1 Qc7 14. Qa4 Rac8 15. b4 e5 16. Bb2 Rfe8 17. Bf1 Nb8 18. Qxa7 Nc6 19. Qa3 Nd4 20. Nxd4 exd4 21. Qd3 Nf7 22. Bxd4 Ne5 23. Qb3 d6 24. a4 f4 25. gxf4 1-0

[Event "Muensterland op 20th"]
[Site "Senden"]
[Date "2002.10.15"]
[Round "6"]
[White "Mainka, Gregor"]
[Black "Sandipan, Chanda"]
[Result "0-1"]
[WhiteElo "2319"]
[BlackElo "2510"]
[PlyCount "48"]
[EventDate "2002.10.12"]
[EventType "swiss"]
[EventRounds "9"]
[EventCountry "GER"]
[SourceTitle "CBM 090 Extra"]
[Source "ChessBase"]
[SourceDate "2002.11.07"]
[SourceVersion "1"]
[SourceVersionDate "2002.11.07"]
[SourceQuality "1"]

1. Nf3 d5 2. g3 Nf6 3. Bg2 Bf5 4. c4 c6 5. cxd5 cxd5 6. Qb3 Qc8 7. Nc3 e6 8. d3 h6 9. Bf4 Nc6 10. 0-0 Be7 11. Rac1 0-0 12. Ne5 g5 13. e4 gxf4 14. Nxc6 bxc6 15. exf5 Qd7 16. fxe6 fxe6 17. Rce1 Bd6 18. d4 Kh8 19. Qc2 Nh7 20. Bh3 Rf6 21. Bg4 Rg8 22. Qe2 Qg7 23. Bh3 f3 24. Qe3 h5 0-1

[Event "Recklinghausen op 13th"]
[Site "Recklinghausen"]
[Date "2002.08.25"]
[Round "9"]
[White "Hausrath, Daniel"]
[Black "Mainka, Gregor"]
[Result "0-1"]
[WhiteElo "2479"]
[BlackElo "2319"]
[PlyCount "78"]
[EventDate "2002.08.19"]
[EventType "swiss"]
[EventRounds "9"]
[EventCountry "GER"]
[SourceTitle "CBM 089 Extra"]
[Source "ChessBase"]
[SourceDate "2002.09.10"]
[SourceVersion "2"]
[SourceVersionDate "2002.09.10"]
[SourceQuality "1"]

1. Nf3 d5 2. g3 g6 3. Bg2 Bg7 4. d4 c6 5. 0-0 Nf6 6. Nbd2 0-0 7. c4 Bf5 8. b3 Nbd7 9. Bb2 Qa5 10. Nh4 Be6 11. Qc2 Rac8 12. Rac1 Rfd8 13. Rfd1 Bg4 14. h3 Be6 15. Kh2 Qa6 16. Qb1 b5 17. c5 b4 18. Re1 Ne8 19. g4 f6 20. f4 Bf7 21. e4 dxe4 22. Nxe4 Nc7 23. f5 Nf8 24. g5 Nb5 25. Rcd1 Bd5 26. Rf1 Bxe4 27. Qxe4 fxg5 28. Nf3 Qxa2 29. Rd2 Qxb3 30. fxg6 Nc3 31. gxh7+ Nxh7 32. Qg4 Rf8 33. Nxg5 Nxg5 34. Rxf8+ Rxf8 35. Qxg5 Qe6 36. d5 Qe5+ 37. Qxe5 Bxe5+ 38. Kh1 Rd8 39. Rd3 cxd5 0-1

[Event "Recklinghausen op 13th"]
[Site "Recklinghausen"]
[Date "2002.08.21"]
[Round "5"]
[White "Braslavskij, Alex"]
[Black "Mainka, Gregor"]
[Result "0-1"]
[WhiteElo "2217"]
[BlackElo "2319"]
[PlyCount "94"]
[EventDate "2002.08.19"]
[EventType "swiss"]
[EventRounds "9"]
[EventCountry "GER"]
[SourceTitle "CBM 089 Extra"]
[Source "ChessBase"]
[SourceDate "2002.09.10"]
[SourceVersion "2"]
[SourceVersionDate "2002.09.10"]
[SourceQuality "1"]

1. e4 e6 2. d4 d5 3. Nc3 Bb4 4. e5 Ne7 5. a3 Bxc3+ 6. bxc3 c5 7. Nf3 Bd7 8. dxc5 Nbc6 9. Be3 Qa5 10. Qd2 0-0-0 11. Bd3 f6 12. Bd4 Rdf8 13. Rd1 Ng6 14. Bxg6 hxg6 15. 0-0 g5 16. h3 Rh6 17. Qe3 Qa4 18. Ne1 Rh4 19. f4 fxe5 20. fxe5 Rxf1+ 21. Kxf1 Rf4+ 22. Kg1 Qxa3 23. Nd3 Nxd4 24. cxd4 Qc3 25. Kh2 Qxd4 26. Qd2 Rf5 27. Rb1 Bc6 28. Rb4 Qa1 29. Rg4 Bb5 30. c6 bxc6 31. c3 Qf1 32. Nc1 Rxe5 33. Qd4 Re4 34. Rxe4 dxe4 35. Qxa7 Qf4+ 36. Kh1 Qxc1+ 37. Kh2 Qf4+ 38. Kh1 Qc7 39. Qe3 Qf4 40. Qa7 Qf1+ 41. Kh2 Qf4+ 42. Kh1 e3 43. Qa8+ Kc7 44. Qa7+ Kd6 45. Qa3+ Kd5 46. Qb3+ Bc4 47. Qd1+ Kc5 0-1

[Event "Recklinghausen op 13th"]
[Site "Recklinghausen"]
[Date "2002.08.20"]
[Round "4"]
[White "Mainka, Gregor"]
[Black "Blayvas, Jan"]
[Result "1-0"]
[WhiteElo "2319"]
[BlackElo "2113"]
[PlyCount "73"]
[EventDate "2002.08.19"]
[EventType "swiss"]
[EventRounds "9"]
[EventCountry "GER"]
[SourceTitle "CBM 089 Extra"]
[Source "ChessBase"]
[SourceDate "2002.09.10"]
[SourceVersion "2"]
[SourceVersionDate "2002.09.10"]
[SourceQuality "1"]

1. Nf3 c5 2. g3 g6 3. Bg2 Bg7 4. d4 cxd4 5. Nxd4 Nc6 6. Nxc6 dxc6 7. Qxd8+ Kxd8 8. a4 a5 9. Nd2 e5 10. 0-0 Ne7 11. f4 exf4 12. Nc4 Bd4+ 13. Kh1 Bc5 14. Rd1+ Ke8 15. Bxf4 Be6 16. Bd6 Bb4 17. Bxb4 Bxc4 18. Bc5 Be6 19. Rd6 Rb8 20. Rad1 Nd5 21. c4 Nf6 22. b3 Nd7 23. Ba3 Kd8 24. R6d4 Rc8 25. Bf3 b6 26. Rd6 Rc7 27. Bxc6 Kc8 28. Kg2 h5 29. Bf3 h4 30. Bb2 Re8 31. gxh4 Bf5 32. R1d2 Re6 33. Kf2 Rxd6 34. Rxd6 Bc2 35. Bd5 Bxb3 36. Bxf7 Bxc4 37. Bxg6 1-0

[Event "BL2-West 0102"]
[Site "Germany"]
[Date "2002.04.28"]
[Round "9.4"]
[White "Boe, Mads"]
[Black "Mainka, Gregor"]
[Result "1/2-1/2"]
[WhiteElo "2367"]
[BlackElo "2345"]
[PlyCount "74"]
[EventDate "2001.10.07"]
[EventType "team-tourn"]
[EventRounds "9"]
[EventCountry "GER"]
[SourceTitle "CBM 088 Extra"]
[Source "ChessBase"]
[SourceDate "2002.07.01"]
[SourceVersion "2"]
[SourceVersionDate "2002.07.01"]
[SourceQuality "1"]
[WhiteTeam "Emsdetten"]
[BlackTeam "Essen Borbeck"]
[WhiteTeamCountry "GER"]
[BlackTeamCountry "GER"]

1. d4 e6 2. c3 d5 3. Nf3 c5 4. Bf4 Bd6 5. Bg3 Bxg3 6. hxg3 Qb6 7. Qc2 Nf6 8. e3 Bd7 9. Nbd2 Nc6 10. Be2 Rc8 11. dxc5 Qxc5 12. g4 Nxg4 13. Rxh7 Rg8 14. Nb3 Qb6 15. Nbd4 Ne7 16. Qb3 Qxb3 17. axb3 a6 18. b4 Nh6 19. Ne5 Nef5 20. Kd2 Nd6 21. Bd3 Ke7 22. Rh1 Be8 23. g4 Ne4+ 24. Bxe4 dxe4 25. g5 Nf5 26. b3 Rd8 27. Kc2 Rd5 28. Nxf5+ exf5 29. Nc4 Bb5 30. Rd1 Rxd1 31. Kxd1 Ke6 32. Kc2 Bxc4 33. bxc4 Ke5 34. Rh1 Rd8 35. Rh7 Rg8 36. Rh1 Rd8 37. Rh7 Rg8 1/2-1/2

[Event "BL2-West 0102"]
[Site "Germany"]
[Date "2002.02.03"]
[Round "5.4"]
[White "Mainka, Gregor"]
[Black "Boidman, Yuri"]
[Result "0-1"]
[WhiteElo "2345"]
[BlackElo "2432"]
[PlyCount "69"]
[EventDate "2001.10.07"]
[EventType "team-tourn"]
[EventRounds "9"]
[EventCountry "GER"]
[SourceTitle "CBM 088 Extra"]
[Source "ChessBase"]
[SourceDate "2002.07.01"]
[SourceVersion "2"]
[SourceVersionDate "2002.07.01"]
[SourceQuality "1"]
[WhiteTeam "Essen Borbeck"]
[BlackTeam "Andernach"]
[WhiteTeamCountry "GER"]
[BlackTeamCountry "GER"]

1. Nf3 d5 2. g3 Nf6 3. Bg2 c6 4. 0-0 Bf5 5. d3 h6 6. Nbd2 e6 7. b3 Nbd7 8. Bb2 Be7 9. e4 Bh7 10. Qe2 0-0 11. Rfe1 Qb6 12. Kh1 Rfd8 13. Rac1 a5 14. a3 Bf8 15. h3 a4 16. b4 c5 17. c3 c4 18. dxc4 dxe4 19. Nd4 Ne5 20. c5 Bxc5 21. Nc4 Nxc4 22. Qxc4 Be7 23. Qe2 e5 24. Nc2 Bc5 25. Rf1 e3 26. bxc5 Qxb2 27. Qxe3 Bxc2 28. Qe2 Qxa3 29. Rxc2 e4 30. c6 bxc6 31. Qc4 Qb3 32. Qxb3 axb3 33. Rb2 Ra3 34. Rfb1 Rb8 35. c4 0-1